[Event "Eastern Asia-ch U16 3rd"]
[Site "Shanghai"]
[Date "2018.08.04"]
[Round "4"]
[White "Cheng, Chen Li Andrew"]
[Black "Matsuyama, Koya"]
[Result "0-1"]
[WhiteElo "1424"]
[BlackElo "1778"]
[PlyCount "112"]
[EventDate "2018.08.02"]
[EventType "swiss"]
[EventRounds "9"]
[EventCountry "CHN"]
[SourceTitle "EXT 2019"]
[Source "ChessBase"]
[SourceDate "2018.10.10"]
[SourceVersion "1"]
[SourceVersionDate "2018.10.10"]
[SourceQuality "1"]

1. d4 d5 2. c4 c6 3. Nf3 Nf6 4. Nc3 e6 5. Bg5 Nbd7 6. e3 Qa5 7. Bxf6 Nxf6 8. Qc2 Bb4 9. Nd2 0-0 10. a3 Bxc3 11. bxc3 Qc7 12. cxd5 exd5 13. Bd3 Re8 14. 0-0 b6 15. a4 Bb7 16. c4 c5 17. cxd5 Bxd5 18. dxc5 bxc5 19. Rfc1 Ng4 20. Bxh7+ Kh8 21. g3 Qe5 22. Qf5 Nxf2 23. e4 Qxf5 24. Bxf5 Nxe4 25. Bxe4 Bxe4 26. Nxe4 Rxe4 27. Rxc5 Re2 28. Rc7 Rd8 29. Rxa7 f6 30. a5 Rdd2 31. a6 Rg2+ 32. Kh1 Rxh2+ 33. Kg1 Rdg2+ 34. Kf1 Rxg3 35. Ra8+ Kh7 36. a7 Rh1+ 37. Kf2 Rxa1 38. Kxg3 Kg6 39. Kg4 Ra4+ 40. Kg3 Kf5 41. Kf3 Ra3+ 42. Kg2 Kf4 43. Kf2 f5 44. Ke1 Kg4 45. Kf2 f4 46. Kf1 Ra2 47. Rb8 Rxa7 48. Rb1 Ra2 49. Kg1 g5 50. Kf1 Kg3 51. Rb3+ f3 52. Rb1 Rh2 53. Kg1 f2+ 54. Kf1 Rh1+ 55. Ke2 Rxb1 56. Kd2 f1Q 0-1

[Event "Hong Kong Jolimark op"]
[Site "Hong Kong"]
[Date "2017.12.26"]
[Round "7"]
[White "Cheng, Chen Li Andrew"]
[Black "Chen, Yi Jing Alvin"]
[Result "1-0"]
[WhiteElo "1360"]
[BlackElo "1652"]
[PlyCount "125"]
[EventDate "2017.12.23"]
[EventType "swiss"]
[EventRounds "9"]
[EventCountry "HKG"]
[SourceTitle "CBM 182 Extra"]
[Source "ChessBase"]
[SourceDate "2018.02.23"]
[SourceVersion "1"]
[SourceVersionDate "2018.02.23"]
[SourceQuality "1"]

1. d4 d5 2. c4 c6 3. Nf3 Nf6 4. Nc3 g6 5. Bf4 Bg7 6. e3 0-0 7. Be2 Re8 8. 0-0 Nbd7 9. cxd5 Nxd5 10. Nxd5 cxd5 11. Rc1 Qa5 12. a3 Qb6 13. b4 a6 14. Nd2 e5 15. dxe5 Bxe5 16. Bxe5 Nxe5 17. Nb3 Be6 18. Nc5 Rad8 19. Rc3 Nc6 20. Bf3 Rd6 21. Nb3 d4 22. Bxc6 Bxb3 23. Rxb3 bxc6 24. Rd3 Red8 25. g3 c5 26. bxc5 Qxc5 27. exd4 Rxd4 28. Rxd4 Rxd4 29. Qe1 Rd8 30. Qb4 Qxb4 31. axb4 Rb8 32. Ra1 Rb6 33. Kg2 Re6 34. Rb1 Kf8 35. b5 Rb6 36. Rb4 axb5 37. Kf3 Ke7 38. Ke4 Kd6 39. Kd4 Kc6 40. Rb2 b4 41. Kc4 g5 42. f3 Kd6 43. Rxb4 Rc6+ 44. Kd3 Rc1 45. Rb6+ Rc6 46. Rxc6+ Kxc6 47. Ke4 Kc5 48. Kf5 h6 49. f4 gxf4 50. Kxf4 Kd6 51. Kg4 Ke6 52. Kh5 f5 53. Kxh6 f4 54. gxf4 Kf5 55. h4 Kf6 56. h5 Kf7 57. f5 Kf6 58. Kh7 Kf7 59. h6 Kf8 60. Kg6 Kg8 61. f6 Kh8 62. Kf7 Kh7 63. Ke8 1-0

[Event "Hong Kong Jolimark op"]
[Site "Hong Kong"]
[Date "2017.12.24"]
[Round "4"]
[White "Deng, Jing Xin Crystal"]
[Black "Cheng, Chen Li Andrew"]
[Result "1-0"]
[WhiteElo "1741"]
[BlackElo "1360"]
[PlyCount "75"]
[EventDate "2017.12.23"]
[EventType "swiss"]
[EventRounds "9"]
[EventCountry "HKG"]
[SourceTitle "CBM 182 Extra"]
[Source "ChessBase"]
[SourceDate "2018.02.23"]
[SourceVersion "1"]
[SourceVersionDate "2018.02.23"]
[SourceQuality "1"]

1. d4 d5 2. c4 c6 3. Nf3 Nf6 4. Nc3 dxc4 5. a4 Bf5 6. e3 e6 7. Bxc4 Bb4 8. 0-0 0-0 9. Nh4 Bg4 10. f3 Bh5 11. g4 Nd5 12. Ng2 Bg6 13. Bd2 Qa5 14. Qb3 Nd7 15. Nxd5 exd5 16. Qxb4 Qxb4 17. Bxb4 dxc4 18. Bxf8 Kxf8 19. Rfc1 b5 20. Nf4 Nf6 21. Nxg6+ hxg6 22. axb5 cxb5 23. Ra5 a6 24. Rca1 Nd5 25. Rxa6 Rxa6 26. Rxa6 Nxe3 27. Rb6 Nc2 28. d5 Nd4 29. Kf2 Ke7 30. Ke3 Nc2+ 31. Ke4 b4 32. Rc6 f5+ 33. gxf5 gxf5+ 34. Kf4 c3 35. bxc3 b3 36. Rb6 Nd4 37. cxd4 g6 38. Ke5 1-0

[Event "Hong Kong Jolimark op"]
[Site "Hong Kong"]
[Date "2016.12.26"]
[Round "1"]
[White "Cheng, Chen Li Andrew"]
[Black "Peng, Shunkai"]
[Result "0-1"]
[WhiteElo "1283"]
[BlackElo "1991"]
[PlyCount "62"]
[EventDate "2016.12.26"]
[EventType "swiss"]
[EventRounds "9"]
[EventCountry "HKG"]
[SourceTitle "CBM 176 Extra"]
[Source "ChessBase"]
[SourceDate "2017.03.02"]
[SourceVersion "1"]
[SourceVersionDate "2017.03.02"]
[SourceQuality "1"]

1. d4 Nf6 2. c4 g6 3. Nf3 Bg7 4. Bf4 0-0 5. e3 d6 6. Be2 b6 7. 0-0 Nh5 8. Bg5 h6 9. Bh4 g5 10. Bg3 Nxg3 11. hxg3 e6 12. Nc3 f5 13. Nh2 g4 14. f3 h5 15. f4 Bb7 16. Qd3 h4 17. gxh4 Qxh4 18. e4 Nc6 19. a3 Bxd4+ 20. Kh1 g3 21. Qxg3+ Qxg3 22. Rf3 Qg6 23. Nf1 Kf7 24. Rh3 Rh8 25. Nh2 Rag8 26. g4 Rxh3 27. g5 Rgh8 28. Kg2 Rxh2+ 29. Kf1 Rh1+ 30. Kg2 R8h2+ 31. Kg3 Bf2+ 0-1